[Event "9th Lost Boys op"]
[Site "Amsterdam NED"]
[Date "2001.08.10"]
[Round "1"]
[White "Grooten, Herman"]
[Black "Wunnink, Michael"]
[Result "1-0"]
[WhiteElo "2374"]
[BlackElo "2215"]
[EventDate "2001.08.10"]
[PlyCount "83"]

1.Nf3 c5 2.c4 Nf6 3.Nc3 d5 4.cxd5 Nxd5 5.e4 Nb4 6.Bc4 Nd3+ 7.Kf1 Nc6 8.Qe2
Nde5 9.Nxe5 Nxe5 10.d3 e6 11.Be3 Be7 12.Rd1 O-O 13.f4 Nc6 14.Qf2 b6 15.h4 
a6 16.a4 Nd4 17.b4 cxb4 18.Bxd4 bxc3 19.Bxc3 Bb7 20.Qb2 Bf6 21.Bxf6 Qxf6 
22.Qxf6 gxf6 23.Rb1 Rfc8 24.Rxb6 Bxe4 25.Kf2 a5 26.Ke3 Bc6 27.Ra1 Rab8 28.
Rxb8 Rxb8 29.Bb5 Bd5 30.Rc1 f5 31.g3 Rb7 32.Kd4 Kg7 33.Ke5 Rb6 34.Rc7 Rb7 
35.Rxb7 Bxb7 36.d4 Kh6 37.Kf6 Bd5 38.Be8 Kh5 39.Bxf7+ Kg4 40.Bxe6 Be4 41.
d5 Bc2 42.Bd7 1-0

[Event "9th Lost Boys op"]
[Site "Amsterdam NED"]
[Date "2001.08.10"]
[Round "1"]
[White "Riemens, Albert"]
[Black "Marechal, Andy"]
[Result "1-0"]
[WhiteElo "2209"]
[BlackElo "2371"]
[EventDate "2001.08.10"]
[PlyCount "65"]

1.e4 g6 2.d4 Bg7 3.g3 d5 4.e5 c5 5.c3 Nc6 6.Bg2 cxd4 7.cxd4 e6 8.Ne2 Nge7 
9.Nbc3 Nf5 10.Bh3 Qb6 11.Bxf5 gxf5 12.Be3 Bd7 13.Qd2 O-O-O 14.O-O Na5 15.
b3 Kb8 16.Nf4 h5 17.h4 Bf8 18.Rac1 Ba3 19.Rc2 Nc6 20.Na4 Qb4 21.Qd1 Qf8 
22.Nxh5 Be7 23.Nf6 Nb4 24.Rd2 Bxa4 25.bxa4 Bxf6 26.exf6 Rc8 27.Qb3 Rc4 28.
Rb1 Qc8 29.Rdb2 b6 30.a5 bxa5 31.a3 Rc3 32.Qa4 Qc7 33.Bf4 1-0

[Event "9th Lost Boys op"]
[Site "Amsterdam NED"]
[Date "2001.08.10"]
[Round "1"]
[White "Van Beek, Lucien"]
[Black "Helvensteijn, Dennis"]
[Result "0-1"]
[WhiteElo "2369"]
[BlackElo "2191"]
[EventDate "2001.08.10"]
[PlyCount "82"]

1.d4 d5 2.c4 Nc6 3.cxd5 Qxd5 4.e3 e5 5.Nc3 Bb4 6.Bd2 Bxc3 7.bxc3 Qd6 8.Bd3
Nf6 9.Ne2 O-O 10.f3 Re8 11.O-O Be6 12.Be1 Rad8 13.Bg3 Qe7 14.Qd2 a6 15.
Rad1 h6 16.Qb2 Bc8 17.e4 b5 18.a4 bxa4 19.Bc2 a3 20.Qa1 Nd7 21.Ba4 Bb7 22.
Rb1 Ba8 23.Rfd1 Nb6 24.Bxc6 Bxc6 25.Bxe5 Bb5 26.Qa2 Nc4 27.Bf4 Nb2 28.Rd2 
Bc4 29.Qa1 Rb8 30.Ng3 Rb3 31.Nf5 Qd7 32.d5 Reb8 33.Be5 f6 34.Bd4 Qb5 35.
Ne3 Bd3 36.Re1 Bc4 37.Nc2 Qa4 38.Qc1 Nd3 39.Rxd3 Bxd3 40.Bxf6 Rb1 41.Qf4 
Qxc2 0-1

[Event "9th Lost Boys op"]
[Site "Amsterdam NED"]
[Date "2001.08.10"]
[Round "1"]
[White "Van der Hoeven, Gert-Jan"]
[Black "Michiels, Bart"]
[Result "1/2-1/2"]
[WhiteElo "2356"]
[BlackElo "2113"]
[EventDate "2001.08.10"]
[PlyCount "63"]

1.e4 e6 2.d4 d5 3.e5 c5 4.c3 Nc6 5.a3 Bd7 6.Nf3 Nge7 7.b4 cxd4 8.cxd4 Nf5 
9.Be3 b5 10.Nc3 a5 11.Nxb5 axb4 12.a4 Be7 13.Bd3 O-O 14.O-O Na5 15.Nd2 Qb6
16.Nb3 Nc4 17.Bxf5 exf5 18.Qf3 Bxb5 19.axb5 Qxb5 20.Rxa8 Rxa8 21.Qxf5 Qc6 
22.Bc1 Ra2 23.Re1 Qe6 24.Qb1 Qa6 25.Qf5 Qe6 26.Qb1 Ra8 27.f4 Qg4 28.Rf1 
Qe2 29.Rf2 Qd1+ 30.Rf1 Qe2 31.Rf2 Qd1+ 32.Rf1 1/2-1/2

[Event "9th Lost Boys op"]
[Site "Amsterdam NED"]
[Date "2001.08.10"]
[Round "1"]
[White "Van de Vegt, Lenze"]
[Black "Bosboom-Lanchava, Tea"]
[Result "1-0"]
[WhiteElo "2167"]
[BlackElo "2345"]
[EventDate "2001.08.10"]
[PlyCount "87"]

1.e4 g6 2.d4 d6 3.Nf3 Bg7 4.Nc3 Nf6 5.Be2 O-O 6.O-O c6 7.a4 Nbd7 8.h3 Qc7 
9.Be3 e5 10.dxe5 dxe5 11.Qd2 Re8 12.Rfd1 Bf8 13.Bc4 Nc5 14.Ng5 Ne6 15.Nxe6
Bxe6 16.Bxe6 Rxe6 17.f3 Bb4 18.Qf2 Bxc3 19.bxc3 b6 20.a5 Rb8 21.axb6 axb6 
22.c4 c5 23.Qd2 Kf8 24.Ra3 Ne8 25.Rd3 Rb7 26.Rd8 f6 27.Qd5 Qf7 28.Ra1 g5 
29.Raa8 Ree7 30.Qc6 Ra7 31.Qxb6 Rxa8 32.Rxa8 Kg7 33.Qxc5 Rd7 34.Ra7 Kg6 
35.Rxd7 Qxd7 36.Qd5 Qa4 37.c5 Qxc2 38.Qd7 Ng7 39.c6 Qc3 40.Bf2 Qc1+ 41.Kh2
Nh5 42.c7 Qf4+ 43.g3 Qxf3 44.Qf5+ 1-0

[Event "9th Lost Boys op"]
[Site "Amsterdam NED"]
[Date "2001.08.10"]
[Round "1"]
[White "Peek, Marcel"]
[Black "Delafargue, Bertrand"]
[Result "1-0"]
[WhiteElo "2345"]
[BlackElo "2150"]
[EventDate "2001.08.10"]
[PlyCount "67"]

1.d4 Nf6 2.Nf3 g6 3.c4 Bg7 4.Nc3 d5 5.cxd5 Nxd5 6.e4 Nxc3 7.bxc3 c5 8.Rb1 
O-O 9.Be2 b6 10.O-O Bb7 11.Qd3 e6 12.Bg5 Qd6 13.Qe3 Rc8 14.Rfd1 Nd7 15.Bb5
Bc6 16.Bf4 Qf8 17.Bxc6 Rxc6 18.d5 exd5 19.exd5 Rcc8 20.c4 Re8 21.Qd3 Qe7 
22.Re1 Qf6 23.Bd2 Qd6 24.a4 Ne5 25.Nxe5 Bxe5 26.g3 Qd7 27.a5 Rab8 28.axb6 
axb6 29.Kg2 Bc7 30.Rxe8+ Rxe8 31.Bc3 Qg4 32.Ra1 Qe4+ 33.Qxe4 Rxe4 34.Ra8+ 
1-0

[Event "9th Lost Boys op"]
[Site "Amsterdam NED"]
[Date "2001.08.11"]
[Round "2"]
[White "Handke, Florian"]
[Black "Riemens, Albert"]
[Result "1-0"]
[WhiteElo "2384"]
[BlackElo "2209"]
[EventDate "2001.08.10"]
[PlyCount "65"]

1.e4 c5 2.Nf3 d6 3.d4 cxd4 4.Nxd4 Nf6 5.Nc3 Nc6 6.Bg5 e6 7.Qd2 a6 8.O-O-O 
Bd7 9.f4 b5 10.Bxf6 gxf6 11.Kb1 Qb6 12.Nxc6 Bxc6 13.Qe1 O-O-O 14.Bd3 b4 
15.Ne2 d5 16.e5 f5 17.Qh4 Rd7 18.g4 fxg4 19.Rhg1 h5 20.Rxg4 Be7 21.Qh3 Kb7
22.Rg7 Bf8 23.Rg5 h4 24.Qg4 Rc7 25.f5 exf5 26.Qxf5 Bc5 27.Rg7 Rf8 28.Rh7 
Bd7 29.Qf3 Ka7 30.Rxf7 Rxf7 31.Qxf7 Be6 32.Qf6 Be7 33.Qg6 1-0

[Event "9th Lost Boys op"]
[Site "Amsterdam NED"]
[Date "2001.08.11"]
[Round "2"]
[White "Sokolov, Ivan"]
[Black "Wintzer, Joachim"]
[Result "1-0"]
[WhiteElo "2659"]
[BlackElo "2378"]
[EventDate "2001.08.10"]
[PlyCount "81"]

1.d4 e6 2.c4 Nf6 3.Nf3 d5 4.Nc3 c5 5.cxd5 Nxd5 6.e3 Nc6 7.Bc4 cxd4 8.exd4 
Be7 9.O-O O-O 10.Re1 Nxc3 11.bxc3 b6 12.Bd3 Bb7 13.Rb1 Rc8 14.h4 Na5 15.
Ng5 Bxg5 16.Bxg5 Qd7 17.Re3 f5 18.Qe1 Bd5 19.Bf4 Nc4 20.Rg3 Rf7 21.h5 b5 
22.f3 a6 23.Rg5 Rf6 24.Rc1 Kf8 25.Qh4 h6 26.Rg3 Qe7 27.Bxc4 Rxc4 28.Be5 
Rf7 29.Qf4 Rc6 30.a4 Qb7 31.axb5 axb5 32.Ra1 Rc8 33.Rg6 Ke8 34.Qd2 Kf8 35.
Bd6+ Ke8 36.Qe3 Qd7 37.Ra6 Rd8 38.Bc5 Rf6 39.Rxf6 gxf6 40.Ra7 Qc6 41.Re7+ 
1-0

[Event "9th Lost Boys op"]
[Site "Amsterdam NED"]
[Date "2001.08.11"]
[Round "2"]
[White "Blees, Albert"]
[Black "Sutovsky, Emil"]
[Result "0-1"]
[WhiteElo "2377"]
[BlackElo "2651"]
[EventDate "2001.08.10"]
[PlyCount "72"]

1.Nf3 Nf6 2.c4 g6 3.Nc3 Bg7 4.e4 d6 5.d4 O-O 6.Be2 e5 7.O-O Nbd7 8.Qc2 c6 
9.Rd1 Qe7 10.d5 c5 11.Rb1 Nh5 12.g3 Nb6 13.b4 cxb4 14.Rxb4 f5 15.Ng5 f4 
16.Ne6 Bxe6 17.dxe6 Qxe6 18.Nb5 Kh8 19.Nc7 Qf7 20.Nxa8 fxg3 21.f3 gxh2+ 
22.Kg2 Nxa8 23.Qd3 Qf6 24.f4 Nxf4+ 25.Bxf4 Qxf4 26.Kh1 Nc7 27.Rbb1 Ne6 28.
Rf1 Qg5 29.Qxd6 Nf4 30.Bf3 Nh3 31.Qc5 b6 32.Qa3 Qg3 33.Qe3 Ng5 34.Qf2 Nxe4
35.Qg2 Qxg2+ 36.Kxg2 Nd2 0-1

[Event "9th Lost Boys op"]
[Site "Amsterdam NED"]
[Date "2001.08.11"]
[Round "2"]
[White "Grooten, Herman"]
[Black "Van den Doel, Erik"]
[Result "0-1"]
[WhiteElo "2374"]
[BlackElo "2607"]
[EventDate "2001.08.10"]
[PlyCount "102"]

1.d4 d5 2.c4 dxc4 3.Nf3 e6 4.e3 c5 5.Bxc4 a6 6.Qe2 b5 7.Bb3 Bb7 8.O-O Nf6 
9.a4 b4 10.Nbd2 Nbd7 11.dxc5 Nxc5 12.Bc2 Qc7 13.e4 Be7 14.e5 Nfd7 15.Nc4 
O-O 16.Bf4 a5 17.Nd6 Bxf3 18.gxf3 f6 19.Nb5 Qb7 20.exf6 Rxf6 21.Bg3 Qxf3 
22.Qxf3 Rxf3 23.Nd4 Rf7 24.Rad1 Nb6 25.b3 Bf6 26.Rfe1 Bxd4 27.Rxd4 Rf3 28.
Rh4 h6 29.Re3 Rxe3 30.fxe3 Rc8 31.Bd1 Nd5 32.Bf2 Nd3 33.Rd4 Rc3 34.e4 N5f4
35.Be3 e5 36.Rc4 Nb2 37.Rxc3 bxc3 38.Bxf4 exf4 39.Bc2 Kf7 40.b4 axb4 41.
Bb3+ Kf6 42.a5 Ke5 43.Kg2 Nc4 44.a6 Nb6 45.Kf3 g5 46.a7 h5 47.Bc2 g4+ 48.
Kf2 h4 49.h3 gxh3 50.Kf3 Kd4 51.Bd1 h2 0-1

[Event "9th Lost Boys op"]
[Site "Amsterdam NED"]
[Date "2001.08.11"]
[Round "2"]
[White "Avrukh, Boris"]
[Black "Peek, Marcel"]
[Result "1/2-1/2"]
[WhiteElo "2598"]
[BlackElo "2345"]
[EventDate "2001.08.10"]
[PlyCount "93"]

1.d4 d5 2.c4 Nc6 3.cxd5 Qxd5 4.e3 e5 5.Nc3 Bb4 6.Bd2 Bxc3 7.bxc3 Nf6 8.f3 
e4 9.c4 Qd6 10.Qb1 Bf5 11.f4 O-O 12.Ne2 Rfe8 13.h3 h5 14.Qb2 a5 15.a3 Ne7 
16.Nc3 c6 17.Na4 b5 18.Nb6 Rab8 19.Bxa5 bxc4 20.Qc1 Nfd5 21.Nxc4 Qg6 22.
Kf2 h4 23.Kg1 Be6 24.Be1 Nf5 25.Bf2 Ng3 26.Ne5 Qh5 27.Bxg3 hxg3 28.Bc4 Rb6
29.Qe1 f6 30.Be2 Qh4 31.Ng6 Qh6 32.Qxg3 Rb3 33.f5 Bxf5 34.Bc4 Rxe3 35.Qd6 
Bxg6 36.Qxc6 Kh7 37.Qxd5 Rxa3 38.Rxa3 Qc1+ 39.Kh2 Qxa3 40.Rf1 Qe3 41.Qd6 
Qg5 42.Qf4 Qxf4+ 43.Rxf4 Kh6 44.Kg3 Rd8 45.Rh4+ Kg5 46.Rg4+ Kh6 47.Rh4+ 
1/2-1/2

[Event "9th Lost Boys op"]
[Site "Amsterdam NED"]
[Date "2001.08.11"]
[Round "2"]
[White "Gershon, Alik"]
[Black "Gohil, Harry"]
[Result "1-0"]
[WhiteElo "2553"]
[BlackElo "2307"]
[EventDate "2001.08.10"]
[PlyCount "119"]

1.d4 Nf6 2.c4 g6 3.Nc3 Bg7 4.e4 O-O 5.Nf3 d6 6.Be2 Nbd7 7.O-O e5 8.Be3 Ng4
9.Bg5 f6 10.Bc1 f5 11.h3 fxe4 12.Ng5 Nxf2 13.Rxf2 Rxf2 14.Kxf2 h6 15.dxe5 
hxg5 16.Qd5+ Kh8 17.Nxe4 Nxe5 18.Nxg5 c6 19.Qe4 Kg8 20.Kg1 Qe7 21.Qh4 Bf6 
22.Bd2 Bf5 23.Rf1 Rf8 24.Bf4 Qg7 25.Qg3 Re8 26.b3 Nf7 27.Nxf7 Qxf7 28.Bg4 
Bxg4 29.Qxg4 Bd4+ 30.Kh2 Re4 31.Qg5 Bf6 32.Qg3 Bg7 33.Rf3 d5 34.cxd5 cxd5 
35.Qg5 Bf6 36.Qh6 Qg7 37.Kg1 Re2 38.a4 Bd4+ 39.Kf1 Rb2 40.Qg5 Rb1+ 41.Ke2 
Kh7 42.Qh4+ Kg8 43.Qd8+ Kh7 44.Qh4+ Kg8 45.Qd8+ Kh7 46.Qxd5 Qe7+ 47.Be3 
Bf6 48.Kf2 Bg7 49.Rf4 Rb2+ 50.Kf3 Bf6 51.h4 Bg7 52.h5 g5 53.Qf5+ Kg8 54.
Qd5+ Kh7 55.Rf7 g4+ 56.Kf4 Qh4 57.Qe4+ Kg8 58.Qe8+ Kh7 59.Rxg7+ Kxg7 60.
Bd4+ 1-0

[Event "9th Lost Boys op"]
[Site "Amsterdam NED"]
[Date "2001.08.11"]
[Round "2"]
[White "Day, Lawrence"]
[Black "Nijboer, Friso"]
[Result "0-1"]
[WhiteElo "2367"]
[BlackElo "2551"]
[EventDate "2001.08.10"]
[PlyCount "76"]

1.e4 c5 2.Nf3 Nc6 3.Bb5 e6 4.Bxc6 bxc6 5.c4 Ne7 6.Nc3 Ng6 7.h4 h5 8.d3 e5 
9.g3 d6 10.Qa4 Bd7 11.Nh2 Be7 12.Bd2 Nf8 13.Ne2 Ne6 14.Ba5 Qc8 15.Bc3 f5 
16.f4 Nd4 17.fxe5 dxe5 18.Bxd4 cxd4 19.Nf3 c5 20.Qc2 fxe4 21.dxe4 O-O 22.
Nxe5 Bd6 23.Nxd7 Qxd7 24.O-O-O Qg4 25.Kb1 Rae8 26.Nf4 Bxf4 27.gxf4 Rxf4 
28.Rdg1 Qf3 29.Qg2 Qxe4+ 30.Qxe4 Rexe4 31.Rg5 Rxh4 32.Rxh4 Rxh4 33.Rxc5 
Rh1+ 34.Kc2 h4 35.Kb3 h3 36.Rf5 Rc1 37.Rf2 g5 38.Rd2 Kf7 0-1

[Event "9th Lost Boys op"]
[Site "Amsterdam NED"]
[Date "2001.08.11"]
[Round "2"]
[White "Shchekachev, Andrei"]
[Black "Konings, Leon"]
[Result "1-0"]
[WhiteElo "2546"]
[BlackElo "2293"]
[EventDate "2001.08.10"]
[PlyCount "41"]

1.Nf3 d5 2.d3 g6 3.Nbd2 Bg7 4.e4 c6 5.Be2 e5 6.a4 Ne7 7.O-O O-O 8.b4 f5 9.
Bb2 Qc7 10.Re1 Kh8 11.Bf1 fxe4 12.dxe4 d4 13.c3 dxc3 14.Bxc3 Be6 15.Ng5 
Bg8 16.Bc4 Qd6 17.Qg4 Bxc4 18.Nxc4 Qd3 19.Qh4 h5 20.Ne6 Rf6 21.Nxg7 1-0

[Event "9th Lost Boys op"]
[Site "Amsterdam NED"]
[Date "2001.08.11"]
[Round "2"]
[White "De Jong, Migchiel"]
[Black "Gustafsson, Jan"]
[Result "0-1"]
[WhiteElo "2273"]
[BlackElo "2535"]
[EventDate "2001.08.10"]
[PlyCount "104"]

1.Nf3 Nf6 2.b3 g6 3.Bb2 Bg7 4.c4 c5 5.e3 O-O 6.Be2 b6 7.O-O Bb7 8.d4 cxd4 
9.Nxd4 Na6 10.Nc3 Nc5 11.b4 Nce4 12.Nxe4 Bxe4 13.f3 Bb7 14.e4 d6 15.Qb3 a6
16.Kh1 Nd7 17.Nc2 Rc8 18.Bxg7 Kxg7 19.Ne3 Kg8 20.Rfd1 Rc7 21.Qb2 Qa8 22.
Rac1 Qa7 23.Rc3 Rfc8 24.Rdc1 Nf6 25.g4 Nd7 26.Kg2 Nf8 27.Nd5 Bxd5 28.cxd5 
b5 29.Rxc7 Rxc7 30.Rxc7 Qxc7 31.a4 bxa4 32.Qa2 g5 33.Qxa4 Ng6 34.Qxa6 Qc3 
35.Qc4 Qe1 36.Bf1 Qe3 37.Be2 Nf4+ 38.Kf1 Qa3 39.Kf2 Qa7+ 40.Ke1 Qa1+ 41.
Kd2 Qb2+ 42.Kd1 Ng2 43.Qc8+ Kg7 44.b5 Ne3+ 45.Ke1 Nc2+ 46.Kd1 Ne3+ 47.Ke1 
Qb4+ 48.Kf2 Qd2 49.b6 Nc2 50.Kg3 Qe1+ 51.Kh3 Qh4+ 52.Kg2 Ne3+ 0-1

[Event "9th Lost Boys op"]
[Site "Amsterdam NED"]
[Date "2001.08.11"]
[Round "2"]
[White "Bachofner, Andreas"]
[Black "Arakhamia-Grant, Ketevan"]
[Result "0-1"]
[WhiteElo "2261"]
[BlackElo "2446"]
[EventDate "2001.08.10"]
[PlyCount "68"]

1.e4 c5 2.Nc3 e6 3.f4 d5 4.Bb5+ Nc6 5.d3 Ne7 6.Nf3 d4 7.Bxc6+ Nxc6 8.Ne2 
Be7 9.O-O b6 10.Bd2 Bb7 11.Qe1 Qc7 12.Qg3 g6 13.Ne5 Bf6 14.Nxc6 Bxc6 15.a4
Bg7 16.b3 f5 17.exf5 exf5 18.Rfe1 O-O 19.Kh1 a6 20.Ng1 b5 21.axb5 axb5 22.
Nf3 c4 23.Bb4 Rxa1 24.Rxa1 Re8 25.Re1 cxb3 26.cxb3 Ra8 27.h4 Qf7 28.Nd2 
Bf6 29.Bc5 Qd5 30.Rc1 Bxh4 31.Qh3 Bf2 32.Nf3 Be3 33.Rc2 Ra1+ 34.Kh2 Bxf4+ 
0-1

[Event "9th Lost Boys op"]
[Site "Amsterdam NED"]
[Date "2001.08.11"]
[Round "2"]
[White "Roobol, Martin"]
[Black "De Vreugt, Dennis"]
[Result "1/2-1/2"]
[WhiteElo "2261"]
[BlackElo "2429"]
[EventDate "2001.08.10"]
[PlyCount "70"]

1.e4 c5 2.Nf3 d6 3.d4 cxd4 4.Nxd4 Nf6 5.Nc3 a6 6.Be3 e5 7.Nb3 Be6 8.f3 
Nbd7 9.Qd2 b5 10.a4 b4 11.Nd5 Bxd5 12.exd5 Nb6 13.Bxb6 Qxb6 14.a5 Qb7 15.
Bc4 g6 16.Ra4 Rb8 17.Qd3 Bh6 18.Bxa6 Qxd5 19.Qxd5 Nxd5 20.Bd3 Be3 21.a6 
Ba7 22.Na5 Kd7 23.Be4 Rb5 24.Bd3 Rb6 25.g3 Nc7 26.Nc4 Rbb8 27.Na5 f5 28.
Nb7 e4 29.fxe4 fxe4 30.Bc4 Rhf8 31.Rxb4 Rf2 32.Rf1 e3 33.Be2 h5 34.Rb3 Ne6
35.c3 d5 1/2-1/2

[Event "9th Lost Boys op"]
[Site "Amsterdam NED"]
[Date "2001.08.11"]
[Round "2"]
[White "Helvensteijn, Dennis"]
[Black "Solleveld, Maarten"]
[Result "1/2-1/2"]
[WhiteElo "2191"]
[BlackElo "2427"]
[EventDate "2001.08.10"]
[PlyCount "66"]

1.e4 e5 2.Nf3 Nc6 3.d4 exd4 4.Bc4 Nf6 5.O-O Nxe4 6.Re1 d5 7.Bxd5 Qxd5 8.
Nc3 Qa5 9.Nxe4 Be6 10.Bd2 Bb4 11.Nxd4 Nxd4 12.c3 O-O-O 13.cxb4 Qf5 14.Rc1 
Bxa2 15.Qa4 Bd5 16.Ng3 Nf3+ 17.Kh1 Qd3 18.Re7 Qxd2 19.Rcxc7+ Kb8 20.Qb5 
Ka8 21.Rxb7 Qd1+ 22.Nf1 Qxf1+ 23.Qxf1 Bxb7 24.Rxb7 Kxb7 25.Qb5+ Kc7 26.
Qc5+ Kb8 27.Qb5+ Kc7 28.Qc4+ Kd6 29.Qd3+ Ke6 30.Qxf3 Rhe8 31.Qc6+ Ke7 32.
Qc5+ Rd6 33.Qe5+ Kd7 1/2-1/2

[Event "9th Lost Boys op"]
[Site "Amsterdam NED"]
[Date "2001.08.11"]
[Round "2"]
[White "Mellegers, Joost"]
[Black "Piket, Jeroen"]
[Result "0-1"]
[WhiteElo "2308"]
[BlackElo "2630"]
[EventDate "2001.08.10"]
[PlyCount "80"]

1.Nf3 Nf6 2.c4 g6 3.Nc3 Bg7 4.e4 d6 5.d4 O-O 6.Be2 e5 7.O-O Na6 8.Be3 Ng4 
9.Bg5 Qe8 10.dxe5 dxe5 11.h3 f6 12.Bd2 Nh6 13.c5 c6 14.Bxa6 bxa6 15.Bxh6 
Bxh6 16.Qa4 Rb8 17.b3 Rf7 18.Rfd1 Bf8 19.Qa5 Kg7 20.Na4 Rb5 21.Qc3 Be6 22.
Rd3 Rd7 23.Rad1 Rxd3 24.Rxd3 Qb8 25.Nd2 a5 26.Nc4 Rb4 27.Nxa5 Qb5 28.Nxc6 
Rxa4 29.Nd8 Ra6 30.c6 Bc8 31.Rd5 Qe2 32.Qd2 Qxd2 33.Rxd2 Be7 34.c7 Bd6 35.
Rc2 Rb6 36.f3 Kf8 37.Kf2 Ke8 38.Ke3 Kd7 39.Nf7 Bxc7 40.g4 Rc6 0-1

[Event "9th Lost Boys op"]
[Site "Amsterdam NED"]
[Date "2001.08.11"]
[Round "2"]
[White "Tregubov, Pavel"]
[Black "Van Delft, Merijn"]
[Result "1-0"]
[WhiteElo "2617"]
[BlackElo "2336"]
[EventDate "2001.08.10"]
[PlyCount "67"]

1.d4 Nf6 2.c4 g6 3.Nc3 Bg7 4.e4 d6 5.Nge2 O-O 6.Ng3 a6 7.Be2 c5 8.d5 h5 9.
Bg5 Nh7 10.Bd2 h4 11.Nf1 e5 12.h3 f5 13.Nh2 Bf6 14.O-O f4 15.a3 a5 16.Rb1 
Na6 17.Bg4 Kg7 18.Na4 Qc7 19.Bxc8 Raxc8 20.Qe2 Bd8 21.Rfc1 Qd7 22.Nc3 Ng5 
23.f3 Nh7 24.Ng4 Nf6 25.Nf2 Rf7 26.Nd3 Qc7 27.Nb5 Qb8 28.Bc3 Nd7 29.Qd2 b6
30.Nxf4 Rxf4 31.Qxf4 Be7 32.Qe3 Rf8 33.f4 Bf6 34.Rf1 1-0

[Event "9th Lost Boys op"]
[Site "Amsterdam NED"]
[Date "2001.08.11"]
[Round "2"]
[White "Hendriks, Willy"]
[Black "Timman, Jan"]
[Result "1/2-1/2"]
[WhiteElo "2321"]
[BlackElo "2597"]
[EventDate "2001.08.10"]
[PlyCount "101"]

1.e4 Nf6 2.e5 Nd5 3.d4 d6 4.Nf3 g6 5.Bc4 Nb6 6.Bb3 Bg7 7.Ng5 e6 8.f4 dxe5 
9.fxe5 c5 10.O-O O-O 11.c3 cxd4 12.cxd4 Nc6 13.Nf3 f5 14.Bg5 Qe8 15.Qd2 
Bd7 16.Na3 Ne7 17.Nc4 Nxc4 18.Bxc4 Rc8 19.Bb3 Nd5 20.Bxd5 exd5 21.Rac1 Qe6
22.Bh6 Qb6 23.Bxg7 Kxg7 24.Rxc8 Bxc8 25.Rc1 f4 26.Qc3 Bf5 27.Qc7+ Rf7 28.
Qxb6 axb6 29.Rc3 h6 30.h4 Re7 31.Kf2 Kf8 32.g3 fxg3+ 33.Kxg3 Ke8 34.Rb3 
Re6 35.Rb5 Be4 36.Nd2 g5 37.hxg5 hxg5 38.Nxe4 dxe4 39.Rb3 Kd7 40.Re3 Kc6 
41.Rxe4 Kd5 42.Rg4 Rc6 43.Rxg5 Kxd4 44.Kf4 Rc2 45.Kf5 Rxb2 46.Ke6 Rxa2 47.
Kd6 b5 48.e6 b4 49.e7 Ra8 50.Rd5+ Kc4 51.Rc5+ 1/2-1/2

[Event "9th Lost Boys op"]
[Site "Amsterdam NED"]
[Date "2001.08.11"]
[Round "2"]
[White "Cifuentes Parada, Roberto"]
[Black "Lorscheid, Gerhard"]
[Result "1-0"]
[WhiteElo "2502"]
[BlackElo "2319"]
[EventDate "2001.08.10"]
[PlyCount "75"]

1.d4 g6 2.c4 Bg7 3.e4 c5 4.Nf3 cxd4 5.Nxd4 Nc6 6.Be3 d6 7.Nc3 Nf6 8.Be2 
O-O 9.O-O Bd7 10.Qd2 Nxd4 11.Bxd4 Bc6 12.Bd3 a5 13.b3 e5 14.Be3 Ng4 15.Bg5
Bh6 16.h4 Kg7 17.Be2 f6 18.Bxh6+ Nxh6 19.Rad1 Nf7 20.Qe3 f5 21.f4 Qf6 22.
exf5 gxf5 23.Nd5 Bxd5 24.Rxd5 Rae8 25.Bh5 Qxh4 26.Bxf7 Rxf7 27.fxe5 Rxe5 
28.Rxe5 dxe5 29.Qxe5+ Kg6 30.Rd1 Qe4 31.Rd6+ Kg5 32.Qg3+ Qg4 33.Qc3 Qe2 
34.Rd3 Re7 35.Rg3+ Kf4 36.Kh2 Re3 37.Qd4+ Re4 38.Rf3+ 1-0

[Event "9th Lost Boys op"]
[Site "Amsterdam NED"]
[Date "2001.08.11"]
[Round "2"]
[White "Van Kooten, Luuk"]
[Black "Van der Wiel, John"]
[Result "0-1"]
[WhiteElo "2255"]
[BlackElo "2498"]
[EventDate "2001.08.10"]
[PlyCount "62"]

1.d4 Nf6 2.c4 e6 3.Nc3 Bb4 4.e3 c5 5.Ne2 cxd4 6.exd4 d5 7.c5 Ne4 8.Bd2 
Nxd2 9.Qxd2 Qf6 10.a3 Ba5 11.f4 O-O 12.g3 Nc6 13.b4 Bd8 14.Bg2 g6 15.O-O 
Qg7 16.Rfd1 Rb8 17.Rac1 h5 18.Kh1 Bf6 19.Rc2 a6 20.Na2 Bd7 21.a4 Nxd4 22.
Nxd4 Bxa4 23.Rcc1 Bxd1 24.Rxd1 Bxd4 25.Qxd4 Qxd4 26.Rxd4 Rfc8 27.Rd1 b6 
28.Bf1 bxc5 29.Bxa6 cxb4 30.Nxb4 Rc3 31.Rd4 Rc4 0-1

[Event "9th Lost Boys op"]
[Site "Amsterdam NED"]
[Date "2001.08.11"]
[Round "2"]
[White "Nep, Ron"]
[Black "Witt, Rob"]
[Result "0-1"]
[WhiteElo "2424"]
[BlackElo "2280"]
[EventDate "2001.08.10"]
[PlyCount "82"]

1.d4 d5 2.Nf3 e6 3.c4 dxc4 4.e4 b5 5.a4 c6 6.Be2 Bb7 7.O-O a6 8.b3 cxb3 9.
Qxb3 b4 10.a5 Nf6 11.Nbd2 Nbd7 12.e5 Nd5 13.Ne4 Qc7 14.Bg5 h6 15.Bh4 g5 
16.Bg3 Be7 17.h4 Rg8 18.hxg5 hxg5 19.Nfd2 Kf8 20.Nc4 c5 21.Ncd6 Bxd6 22.
Nxd6 Nc3 23.Bg4 Bd5 24.Qc2 Rg7 25.f4 cxd4 26.fxg5 Nc5 27.Nxf7 d3 28.Nd6+ 
Ke7 29.Qf2 Rag8 30.Qd4 Ne2+ 31.Bxe2 dxe2 32.Rfe1 Rxg5 33.Bh4 Kd7 34.Bxg5 
Rxg5 35.Rxe2 Nb3 36.Qf4 Qc5+ 37.Kh2 Rh5+ 38.Kg3 Rh7 39.Rae1 Nd4 40.Re3 Qc2
41.Rg1 Rg7+ 0-1

[Event "9th Lost Boys op"]
[Site "Amsterdam NED"]
[Date "2001.08.11"]
[Round "2"]
[White "Van Blitterswijk, Stefan"]
[Black "Erwich, Marc"]
[Result "1/2-1/2"]
[WhiteElo "2380"]
[BlackElo "2263"]
[EventDate "2001.08.10"]
[PlyCount "92"]

1.e4 e5 2.Nf3 Nc6 3.Bb5 a6 4.Ba4 Nf6 5.O-O Be7 6.Re1 b5 7.Bb3 O-O 8.a4 Bb7
9.d3 d6 10.Nc3 b4 11.Nd5 Nxd5 12.Bxd5 Na5 13.Bxb7 Nxb7 14.d4 Bf6 15.Be3 a5
16.Qe2 exd4 17.Bxd4 Bxd4 18.Nxd4 Nc5 19.Nc6 Qf6 20.e5 dxe5 21.Qb5 Ne6 22.
Rxe5 Nf4 23.Rae1 Ng6 24.Ne7+ Nxe7 25.Rxe7 Qxb2 26.Rxc7 Qa2 27.h3 h6 28.
Ree7 Qa1+ 29.Kh2 Qf6 30.Qc5 Qf4+ 31.g3 Qf3 32.Qe3 Qxe3 33.fxe3 Rad8 34.Kg2
Rd1 35.e4 Rd2+ 36.Kf3 b3 37.cxb3 Rd3+ 38.Kf4 Rxb3 39.Ra7 g5+ 40.Kg4 Kg7 
41.h4 h5+ 42.Kxg5 Rxg3+ 43.Kf5 Rf3+ 44.Ke5 Rh3 45.Kf5 Rf3+ 46.Ke5 Rh3 
1/2-1/2

[Event "9th Lost Boys op"]
[Site "Amsterdam NED"]
[Date "2001.08.11"]
[Round "2"]
[White "Michiels, Bart"]
[Black "Peelen, Piet"]
[Result "1/2-1/2"]
[WhiteElo "2113"]
[BlackElo "2359"]
[EventDate "2001.08.10"]
[PlyCount "72"]

1.e4 e5 2.Nf3 Nc6 3.Nc3 Nf6 4.g3 Bc5 5.Bg2 d6 6.d3 a6 7.O-O O-O 8.h3 Nd4 
9.Be3 c6 10.Bxd4 Bxd4 11.Nxd4 exd4 12.Ne2 c5 13.c3 dxc3 14.bxc3 Bd7 15.Re1
Bc6 16.Nf4 Re8 17.Qc2 Rc8 18.Rad1 Qa5 19.Rc1 b5 20.d4 cxd4 21.cxd4 Bb7 22.
Qb1 Rxc1 23.Rxc1 h6 24.d5 Qd2 25.Qc2 Qxc2 26.Rxc2 g5 27.Rc7 gxf4 28.Rxb7 
fxg3 29.fxg3 Nxe4 30.Rb6 Nxg3 31.Rxd6 Ne2+ 32.Kf1 Nf4 33.Rxa6 Nxg2 34.Kxg2
Rd8 35.Rxh6 Rxd5 36.Rb6 Rd2+ 1/2-1/2

[Event "9th Lost Boys op"]
[Site "Amsterdam NED"]
[Date "2001.08.11"]
[Round "2"]
[White "Sinz, Bernhard"]
[Black "Van der Hoeven, Gert-Jan"]
[Result "1-0"]
[WhiteElo "2188"]
[BlackElo "2356"]
[EventDate "2001.08.10"]
[PlyCount "63"]

1.e4 g6 2.d4 Bg7 3.Nc3 d6 4.f4 Nf6 5.Nf3 c5 6.Bb5+ Bd7 7.e5 Ng4 8.e6 Bxb5 
9.exf7+ Kd7 10.Nxb5 Qa5+ 11.Nc3 cxd4 12.Nxd4 h5 13.h3 Nc6 14.Ne2 Nh6 15.
Be3 Nf5 16.Bf2 Raf8 17.O-O h4 18.Rb1 Rxf7 19.b4 Nxb4 20.a3 Bxc3 21.Nxc3 
Nc6 22.Rxb7+ Kc8 23.Rb3 Kd7 24.Qd3 Rc8 25.Re1 Nd8 26.Ne4 Ne6 27.Rb5 Qa4 
28.Qd5 Nxf4 29.Rb7+ Ke8 30.Nxd6+ Nxd6 31.Rexe7+ Rxe7 32.Qg8# 1-0

[Event "9th Lost Boys op"]
[Site "Amsterdam NED"]
[Date "2001.08.11"]
[Round "2"]
[White "Ikonnikov, Viacheslav"]
[Black "Vedder, Richard"]
[Result "1-0"]
[WhiteElo "2552"]
[BlackElo "2220"]
[EventDate "2001.08.10"]
[PlyCount "63"]

1.d4 c5 2.d5 Nf6 3.Nf3 b5 4.Bg5 Ne4 5.Bh4 g6 6.Nbd2 Qa5 7.c3 Nd6 8.e4 Bg7 
9.Bd3 c4 10.Bc2 b4 11.cxb4 Qxb4 12.e5 Nb5 13.O-O c3 14.a3 Qg4 15.Ne4 cxb2 
16.Rb1 Bxe5 17.Bxe7 Kxe7 18.d6+ Kf8 19.Qd5 Nc6 20.Nxe5 Qe6 21.Qxe6 fxe6 
22.Nxc6 dxc6 23.a4 Nd4 24.Rxb2 e5 25.Nc5 Nxc2 26.Rxc2 Bf5 27.Re2 Rd8 28.
Rd1 Kf7 29.Rxe5 Rhe8 30.f4 Be6 31.d7 Re7 32.Rde1 1-0

[Event "9th Lost Boys op"]
[Site "Amsterdam NED"]
[Date "2001.08.11"]
[Round "2"]
[White "Jonkman, Harmen"]
[Black "Haimovich, Tal"]
[Result "1/2-1/2"]
[WhiteElo "2468"]
[BlackElo "2304"]
[EventDate "2001.08.10"]
[PlyCount "144"]

1.e4 e6 2.d4 d5 3.e5 c5 4.c3 Bd7 5.Nf3 Nc6 6.Be2 Nge7 7.O-O Ng6 8.g3 Be7 
9.h4 O-O 10.h5 Nh8 11.h6 g6 12.dxc5 f6 13.exf6 Bxf6 14.Be3 Nf7 15.Qd2 Qe7 
16.Na3 Rad8 17.Rfe1 Be8 18.b4 e5 19.b5 e4 20.bxc6 exf3 21.Bxf3 Bxc6 22.Bd4
Ng5 23.Bg2 Qf7 24.f3 Bxd4+ 25.Qxd4 Rd7 26.Re3 Ne6 27.Qb4 d4 28.cxd4 Nxd4 
29.Rae1 Nf5 30.Rb3 Nxg3 31.Qc3 Nf5 32.Nc4 Rd4 33.Ne5 Qf6 34.Ng4 Qg5 35.Rb2
Rfd8 36.Rbe2 Nxh6 37.Ne5 Nf5 38.Nxc6 bxc6 39.Qb3+ Kg7 40.Qb7+ R4d7 41.Qb2+
Kh6 42.f4 Qxf4 43.Qe5 Qd4+ 44.Qxd4 Rxd4 45.Bxc6 Rc8 46.Be4 Rxc5 47.Rh2+ 
Kg5 48.Bxf5 Rxf5 49.Rxh7 Rg4+ 50.Kh1 a5 51.Re2 Rh4+ 52.Rxh4 Kxh4 53.Rh2+ 
Kg5 54.Rg2+ Kf6 55.Rc2 Ke5 56.Rc4 Kd5 57.Rg4 g5 58.Kg2 Kc5 59.Re4 Kb5 60.
a4+ Kc5 61.Kg3 Rf1 62.Kg4 Rg1+ 63.Kf5 Rg2 64.Kf6 Rg3 65.Kf5 Rg1 66.Kf6 g4 
67.Kg5 Rg3 68.Kh4 Rg2 69.Kg5 Rg1 70.Kh4 g3 71.Kh3 Kd6 72.Kg4 Kc5 1/2-1/2